| 000 | 00760nam a2200253 a 4500 | ||
|---|---|---|---|
| 001 | 41872 | ||
| 003 | BD-RjUL | ||
| 005 | 20211209053449.0 | ||
| 008 | 160607r19631915enk b 001 0 eng d | ||
| 035 | _a(BD-RjUL)41990 | ||
| 040 |
_aBD-RjUL _beng _cBD-RjUL |
||
| 041 | _aeng | ||
| 082 |
_223 _a320.5 _bPAR 1963 |
||
| 100 | 1 |
_aPaine, Thomas. _d1737-1809. _9128639 |
|
| 245 | 1 | 4 |
_aThe rights of man / _cThomas Paine ; introduction by Arthur Seldon |
| 260 |
_aLondon : _bEveryman''s library _c1963 |
||
| 300 |
_axv, 295 p. ; _c17 cm. |
||
| 500 | _aIncludes index | ||
| 600 | 1 | 0 |
_t. _9173068 |
| 650 |
_a Political science. _9128641 |
||
| 651 | 0 |
_aFrance _xHistory _yRevolution, 1789-1799 _xCauses. _9128642 |
|
| 700 | 1 |
_aSeldon, Arthur. _9128643 |
|
| 942 |
_2ddc _cBK |
||
| 999 |
_c41872 _d41872 |
||